Doktorandské štúdium: stav a perspektívy

Legislatíévny rámec doktorandského štúdia. Kvantitatívne ukazovatele o doktorandskom štúdiu. Finančné prostriedky a štipendiá. Snaha o zvýšenie atraktívnosti doktorandského štúdia.

Gespeichert in:
Bibliographische Detailangaben
1. Verfasser: Plavčan, Peter
Weitere Verfasser: Páleníková, Emília
Format: Buchkapitel
Sprache:Slowakisch
Schlagworte:
Tags: Tag hinzufügen
Keine Tags, Fügen Sie das erste Tag hinzu!

MARC

LEADER 00000naa$a2200000$$$4500
001 0049374
005 20231013113300.1
041 0 |a slo 
044 |a SK 
245 1 0 |a Doktorandské štúdium: stav a perspektívy  |c Peter Plavčan, Emília Páleníková 
520 |a Legislatíévny rámec doktorandského štúdia. Kvantitatívne ukazovatele o doktorandskom štúdiu. Finančné prostriedky a štipendiá. Snaha o zvýšenie atraktívnosti doktorandského štúdia. 
610 2 0 |a školy vysoké 
610 2 0 |a vzdelávanie ďalšie 
610 2 0 |a práce kvalifikačné 
610 2 0 |a legislatíva 
610 2 0 |a štúdium doktorandské 
610 2 0 |a štipendiá 
100 1 |a Plavčan, Peter 
700 1 |a Páleníková, Emília